JLS trivia - Statistics

General Stats
  • This quiz has been taken 310 times
  • The average score is 12 of 15
Answer Stats
Hint Answer % Correct
Aston's last name Merrygold
95%
aston's known colour blue
93%
Marvin's known colour green
93%
oritse's known colour red
93%
JB's known colour yellow
93%
Marvin's last name Humes
92%
what famous show were they on x factor
91%
what year were they on ^ show 2008
90%
first no 1 single beat again
86%
JLS stands for? jack the lad swing
75%
song with tinie tempah eyes wide shut
71%
JB's last name Gill
71%
Oritse's last name Williams
68%
dvd they brought out in 2011 eyes wide open
34%
marvins daughers name Alaia mai
23%
No matching quizzes found
Score Distribution
Percent of People with Each Score
Percentile by Number Answered
Your Score History
You have not taken this quiz